000 01076cam a2200169 a 4500
999 _c5746
_d5746
020 _a0521571162 (hbk.)
020 _a0521577861 (pbk.)
050 0 0 _aGN34.3.S7
_bM33
100 1 _aMadrigal, Lorena.
245 1 0 _aStatistics for anthropology /
_cLorena Madrigal.
260 _aCambridge ;
_aNew York :
_bCambridge University Press,
_c1998.
300 _axiv, 238 p. :
_bill. ;
_c26 cm.
500 _aIncludes index
505 _aChapter 1. Introduction to statistics -- Chapter 2. Frequency distributions and graphs -- Chapter 3. Descriptive statistics: measures of central tendency and dispersion -- Chapter 4. Probability and statistics -- Chapter 5. Hypothesis testing -- Chapter 6. The difference between two means -- Chapter 7. Analysis of variance (ANOVA) -- Chapter 8. Non-parametric comparison of samples -- Chapter 9. Simple linear regression -- Chapter 10. Correlation analysis -- Chapter 11. The analysis of frequencies -- App. B.A brief overview of SAS/ASSIST -- App. C. Statistical tables.
650 0 _aAnthropology
_xStatistical methods.
942 _cBK